000 00356nam a2200133Ia 4500
008 231129s1977||||xx |||||||||||||| ||spa||
040 _bspa
082 _aCo863 G216e
100 _aGarcí­a Mejí­a Hernando
245 0 _aLa estrella deseada y otros cuentos infantiles
260 _c1977
264 _aMedellí­n Colombia: Bedout
942 _2ddc
_cBKS
999 _c17047
_d17047